[Event "Chefchaouen op 16th"]
[Site "Chefchaouen"]
[Date "2017.07.25"]
[Round "2"]
[White "Kji, Said"]
[Black "Becham, Khalid"]
[Result "0-1"]
[WhiteElo "1955"]
[BlackElo "2129"]
[PlyCount "74"]
[EventDate "2017.07.24"]
[EventType "swiss"]
[EventRounds "9"]
[EventCountry "MAR"]
[SourceTitle "EXT 2020"]
[Source "ChessBase"]
[SourceDate "2019.10.17"]
[SourceVersion "1"]
[SourceVersionDate "2019.10.17"]
[SourceQuality "1"]

1. e4 e5 2. Bc4 Nf6 3. d4 Nc6 4. Nf3 exd4 5. 0-0 Nxe4 6. Re1 d5 7. Bxd5 Qxd5 8. Nc3 Qh5 9. Nxe4 Be6 10. Bg5 Bd6 11. Nxd6+ cxd6 12. Bf4 Qg4 13. Qd2 0-0 14. Nxd4 Bd5 15. f3 Qg6 16. Bg3 Nxd4 17. Qxd4 Bc6 18. c4 Rfd8 19. Rad1 h6 20. Kf2 d5 21. c5 Re8 22. b4 a5 23. Rxe8+ Rxe8 24. a3 Ba4 25. Rd2 Qb1 26. Be5 Bb5 27. Rd1 Qa2+ 28. Rd2 Qxa3 29. Bxg7 Qc1 30. Kg3 Re6 31. Kh3 Bd7 32. g4 h5 33. Kg2 hxg4 34. Bh8 gxf3+ 35. Kxf3 Qh1+ 36. Kf4 Re4+ 37. Qxe4 Qxe4+ 0-1